000 00328nam a22001337a 4500
008 171005b xxu||||| |||| 00| 0 eng d
020 _a9780890420256
041 _aeng
080 _24TH
_a159.9
100 _a49
101 _aPSI
245 _aDIAGNOSTIC AND STATISTICAL MANUALOF MENTAL DISORDERS
_cSABSHIN,M
942 _2udc
_cBK
999 _c31999
_d31999